| 000 | 00451nmm a2200157Ia 4500 | ||
|---|---|---|---|
| 008 | 251105s9999||||xx |||||||||||||||||und|| | ||
| 020 | _a9788498385342 | ||
| 041 | _aspa | ||
| 100 | _aIllies, Florian | ||
| 245 | 0 |
_a1913 : _b Un año hace cien años |
|
| 264 |
_a[Madrid, España] : _bEdiciones Salamandra, _c2013 |
||
| 300 | _a320 páginas | ||
| 650 | _aHistorical fiction | ||
| 856 | _uhttps://public.digitaliapublishing.com/a/48260 | ||
| 942 | _cCF | ||
| 999 |
_c91749 _d91749 |
||